Dret civil catal ̉ Drets Reals. Drets reals limitats i Registre de la Propietat / Vol. IV (2)

Detalles Bibliográficos
Otros Autores: Lucas Esteve, Adolfo (Conductor), Alavedra Farrando, Enric, Amills Eras, Oscar, Puente, Fernando de la, Cortada i Cortijo, Neus
Formato: Libro
Lenguaje:catalán
Publicado: Barcelona : J.M. Bosch, 2014
Materias:
Acceso en línea:Acceso restringido

MARC

LEADER 00000cam a2200000 a 4500
005 20150706163121.0
007 cr|||| ||||
008 101005s20102012spc|||||| |000 0|cat|
035 |a 12729 
040 |a vLex 
043 |a e-sp---  |b e-spc-- 
080 |a 347(467.1) 
090 |c 5467  |d 5467 
245 0 0 |a Dret civil catal ̉  |h [Recurso electrn̤ico] :  |b  Drets Reals. Drets reals limitats i Registre de la Propietat /  |c Adolfo Lucas Esteve (dir.) ; Oscar Amills Eras ... [et al.]  |n Vol. IV (2) 
256 |a Servicio en ln̕ea 
260 |a Barcelona :  |b J.M. Bosch,  |c 2014 
300 |a 1 recurso electrn̤ico  
500 |a L’aparici ̤d’aquests dos volums consolida el gran ẍit de la colʺlecci ̤de dret civil catal,̉ que t ̌com a objectiu l’estudi del dret civil vigent a Catalunya d’una forma completa, didc̉tica i actualitzada, fet que la converteix en la colʺlecci ̤de refern̈cia del panorama jurd̕ic catal,̉ tant des d’un vessant dogmt̉ic com prc̉tic. En aquesta obra es realitza un estudi complet i exhaustiu dels drets reals aplicables a Catalunya, fent una anl̉isi especial del Llibre V del Codi civil de Catalunya, Llei 5/2006, de 10 de maig, relatiu als drets reals. En aquest llibre, un grup escollit de professionals del dret, integrat per professors universitaris, registradors de la propietat, notaris, advocats i magistrats, ha aportat el seu coneixement en l’m̉bit dels drets reals. El resultat š una obra que combina la teoria jurd̕ica amb la prc̉tica habitual en les notaries, registres, despatxos d’advocats i tribunals de justc̕ia i que satisf ̉tant les necessitats dels universitaris que han d’estudiar la matr̈ia, com les necessitats dels professionals que han d’aplicar-la. L’estructura d’aquest manual est ̉integrada per 29 capt̕ols dividit en dos volums: En el primer volum s’estudia la possessi,̤ la propietat i les situacions de comunitat i est ̉integrat pels capt̕ols següents: 1. Els drets reals. 2. Els bňs i el patrimoni. 3. La possessi.̤ 4. Tt̕ols adquisitius i translatius dels drets reals. La tradici.̤ 5. La donaci.̤ 6. La usucapi.̤ 7. L’extinci ̤dels drets reals. 8. La propietat. 9. Tt̕ols d’adquisici ̤i extinci ̤exclusius del dret de propietat: accessi,̤ ocupaci ̤i abandonament. 10. La propietat intelʺlectual. 11. Situacions de comunitat. La comunitat ordinr̉ia indivisa. 12. La propietat horitzontal. 13. La comunitat especial per torns. 14. La mitgeria. En el segon volum s’estudia els drets reals limitats i el Registre de la Propietat i est ̉integrat pels capt̕ols següents: 15. El dret d’usdefruit. 16. Els drets d’s︢ i habitaci.̤ 17. Les servituds i els drets d’aprofitament parcial. 18. El dret de superfc̕ie. 19. Els drets de cens. 20. El dret de vol. 21. Els drets reals d’adquisici ̤preferent. 22. Els drets reals de garantia. 23. El dret de retenci.̤ 24. El dret de penyora. 25. L’anticresi. 26. La hipoteca. 27. La hipoteca mobilir̉ia i la penyora sense desplaȧment. 28. El Registre de la Propietat de bňs immobles. 29. El Registre de la Propietat de bňs mobles. I hi afegeix una addenda destinada a l’estudi de la fiscalitat en la transmissi ̤dels bňs. 
504 |a Referencias bibliogrf̀icas 
506 1 |a Contenido disponible en los productos indicados  |d vLex Global  |d vLex Global (Academic Edition, excluding Law Schools)  |d vLex Global (U.S. Academic Edition, Law Schools)  |d vLex Global (U.S. Academic Edition, excluding Law Schools)  |d vLex Global (Academic Edition, Law Schools) 
650 0 4 |a Derecho civil  |z Cataluą 
650 0 4 |a Derecho de sucesiones  |z Cataluą 
650 0 4 |a Derechos reales 
650 0 4 |a Registro de la propiedad 
700 1 |a Lucas Esteve, Adolfo,  |e dir. 
700 1 |a Alavedra Farrando, Enric 
700 1 |a Amills Eras, Oscar 
700 1 |a Puente, Fernando de la 
700 1 |a Cortada i Cortijo, Neus 
740 0 |a vLex Libros (Servicio en ln̕ea) 
856 4 0 |u http://vlex.com/source/dret-civil-catala-vol-iv-2-drets-reals-drets-reals-limitats-i-registre-de-la-propietat-12729  |z Acceso restringido 
942 |c BOOK 
999 0 |a Civil law 
999 0 |a Inheritance and succession 
999 0 |a Land titles--Registration and transfer